Industrial chemical process design
שמור ב:
| מחבר ראשי: | |
|---|---|
| פורמט: | ספר |
| שפה: | Undetermined |
| יצא לאור: |
New York
McGraw-Hill
2002
|
| נושאים: | |
| תגים: |
הוספת תג
אין תגיות, היה/י הראשונ/ה לתייג את הרשומה!
|
| Thư viện lưu trữ: | Trung tâm Học liệu Trường Đại học Cần Thơ |
|---|
| LEADER | 00499nam a2200181Ia 4500 | ||
|---|---|---|---|
| 001 | CTU_51896 | ||
| 008 | 210402s9999 xx 000 0 und d | ||
| 020 | |b 1338000 | ||
| 082 | |a 660.2812 | ||
| 082 | |b E72 | ||
| 100 | |a Douglas L Erwin | ||
| 245 | 0 | |a Industrial chemical process design | |
| 245 | 0 | |c Douglas L. Erwin | |
| 260 | |a New York | ||
| 260 | |b McGraw-Hill | ||
| 260 | |c 2002 | ||
| 650 | |a chemical engineering,chemical processes | ||
| 980 | |a Trung tâm Học liệu Trường Đại học Cần Thơ | ||